| 000 | 00945cab a2200253 4500 | ||
|---|---|---|---|
| 001 | ABS59706 | ||
| 008 | 090401t1998 xxu||||| |||| 00| 0 eng d | ||
| 035 | _a(Sirsi) u90011 | ||
| 041 | _aeng | ||
| 100 | _aSalmon, J. | ||
| 245 | _aCan the minerals extraction industry be sustainable? | ||
| 260 | _c1998 | ||
| 350 | _a0 | ||
| 490 |
_aCSM _bChartered Surveyor Monthly _v8(3-4) November/December 1998, 42-43(2) |
||
| 520 | _aThe mineral industry plays an important role in supporting both urban and country landscapes. Looks at the two ways of interpreting sustainability in mineral deve;lopment. Summarises the RICS response to the government consultation paper on sustainable construction. | ||
| 650 | _aMINERAL DEVELOPMENT | ||
| 650 | _aMINERAL EXTRACTION | ||
| 650 | _aREGENERATION | ||
| 650 |
_aSustainability _96271 |
||
| 650 | _aSUSTAINABLE DEVELOPMENT | ||
| 690 | _aMINING AND MINERALS | ||
| 942 | _n0 | ||
| 948 | _c30/11/1998 | ||
| 999 |
_c56995 _d56995 |
||